Biochemistry laboratory manual : (Record no. 152132)

MARC details
000 -LEADER
fixed length control field 00751nam a22002057a 4500
005 - DATE AND TIME OF LATEST TRANSACTION
control field 20180517170617.0
010 ## - LCCN (DPL NO)
LC control number ENG-123049
020 ## - INTERNATIONAL STANDARD BOOK NUMBER
International Standard Book Number 9788193339565
Terms of availability 300.00
035 ## - SYSTEM CONTROL NUMBER
System control number EN-106581
037 ## - SOURCE OF ACQUISITION
Source of stock number/acquisition DBAD/PUB
082 ## - DEWEY DECIMAL CLASSIFICATION NUMBER
Classification number 572
100 ## - MAIN ENTRY--PERSONAL NAME
Personal name Basu, Pallab
245 ## - TITLE STATEMENT
Title Biochemistry laboratory manual :
Remainder of title including clinical problems, viva voce and chapter-wise multiple choice questions for MD/MS entrance examinations /
Statement of responsibility, etc by Pallab Basu
250 ## - EDITION STATEMENT
Edition statement 3rd edn.
260 ## - PUBLICATION, DISTRIBUTION, ETC. (IMPRINT)
Place of publication, distribution, etc Kolkata
Name of publisher, distributor, etc Academic Publishers
Date of publication, distribution, etc 2017
270 ## - ADDRESS
Address 5A, Bhawani Dutta Lane,
City Kolkata
Postal code 700073
Electronic mail address contact@academicpublishers.in
300 ## - PHYSICAL DESCRIPTION
Extent xiv, 371p
Dimensions 25cm.(pbk)
500 ## - GENERAL NOTE
General note 10 years MBBS university questions solved
942 ## - ADDED ENTRY ELEMENTS (KOHA)
Source of classification or shelving scheme Dewey Decimal Classification
Item type English Books
Classification part 572
Call number suffix BAS
Holdings
Withdrawn status Lost status Not for loan Collection code Home library Current library Date acquired Source of acquisition Cost, normal purchase price Full call number Barcode Copy number Cost, replacement price Koha item type
    Not For Loan Non-fiction D.B.Act.Division Patel Nagar 18/05/2018 DBAD/PUB 300.00 572 BAS EN-106581 1 300.00 English Books

© Delhi Public Library
Hit Counter
free hit counter